Which EU4 Country is That (with hints) - Statistics

General Stats
  • This quiz has been taken 290 times
  • The average score is 7 of 10
Answer Stats
Hint Answer % Correct
Blue, Western Europe, Great Power in 1444 France
100%
Mandate of Heaven, "name"-splosion Ming
98%
Kalmar union, Caroleans, Blue Sweden
98%
Shogunate, East Asia, Island Ashikaga
94%
Inheritance, Lotharingia, Charles Burgundy
93%
African, Cawa units, Solomonic Empire Ethiopia
86%
Iberia, Releasable, Island nation Majorca
58%
Can form Zimbabwe, Fetishist, Lacks Feudalism Mutapa
45%
South East Asian, Mahayana, Splits in two Dai Viet
42%
Malacca, Pirate Nation, Purple Palembang
22%
No matching quizzes found
Score Distribution
Percent of People with Each Score
Percentile by Number Answered
Your Score History
You have not taken this quiz